00457nam a2200169Ia 4500003000400000005001700004008004000021020001800061040000700079041001200086082001700098100001700115245007400132260005100206300001200257700001800269OSt20260216094941.0210210b2000 xxu||||| |||| 00| 0 eng d a81 7156 904 8 cAL aEnglish a820.072 KUSIN aKushwaha M S aIndian doctoral dissertations in english studiesb: a reference guide aN DbAtlantic Publishers & distributors.c2000 axiv,305 aNaseem, Kamal